000
00173 a2200097 4500
001
35160
100
_a
A S G
245
_a
Darya
260
_a
_b
_c
090
_c
23304
_d
23304
942
_a
NUST-CAE
_c
M
_c
14786
999
_c
270233
_d
270233